| 000 | 00517nam a2200181Ia 4500 | ||
|---|---|---|---|
| 003 | OSt | ||
| 005 | 20200925125222.0 | ||
| 008 | 190216s9999||||xx |||||||||||||| ||und|| | ||
| 020 | _a9788189941109 | ||
| 040 | _coclc | ||
| 082 |
_a570.15195 _bARU/B |
||
| 100 |
_aArumugam, N _94911 |
||
| 245 | 0 |
_aBasic Concepts Of Biostatistics / _cN Arumugam |
|
| 260 |
_bSaras Publications, _aNagercoil: _c2009. |
||
| 300 | _a141p | ||
| 650 | _aBotany | ||
| 942 |
_cBK _2ddc _h570.15195 _iARU/B _k570.15195 _mARU/B |
||
| 999 |
_c1744 _d1744 |
||